| 000 | 00988nam a22002777a 4500 | ||
|---|---|---|---|
| 999 |
_c17812 _d17784 |
||
| 003 | EG-ScBUE | ||
| 005 | 20210124104243.0 | ||
| 008 | 131210s2010 ua f 000 f ara d | ||
| 017 | _a2009/13541 | ||
| 020 | _a9789770926495 | ||
| 040 |
_aEG-ScBUE _bara _erda _cEG-ScBUE _dEG-ScBUE |
||
| 082 | 0 | 4 |
_a892.736 _bأ ص ل _222 |
| 100 | 1 |
_934593 _aأصلان، إبراهيم، _d1935- _eمؤلف. |
|
| 245 | 1 | 0 |
_aحجرتان وصالة : _bمتتالية منزلية / _cإبراهيم أصلان. |
| 250 | _aالطبعة الثانية. | ||
| 264 | 1 |
_aالقاهرة : _bدار الشروق، _c2010. |
|
| 300 |
_a141 صفحة ؛ _c20 سم |
||
| 336 |
_2rdacontent _aنص _btxt |
||
| 337 |
_2rdamedia _aبدون وسيط _bn |
||
| 338 |
_2rdacarrier _aمجلد _bnc |
||
| 590 | _aBook for the road program. | ||
| 650 | 7 |
_928134 _aالقصص العربية _zمصر _yقرن 20. _2BUEsh |
|
| 653 |
_cDecember2013 _bARALIT |
||
| 655 |
_vReading book _934232 |
||
| 942 |
_2ddc _cBB _k813.03 أ ص ل |
||